| 000 | 01704nam0a2200409 4500 | ||
|---|---|---|---|
| 001 | RU\NLR\BIBL_A\012540915 | ||
| 005 | 20210702103544.0 | ||
| 010 | _a978-5-903578-20-7 | ||
| 010 |
_a978-5-91883-355-1 _91000 |
||
| 021 |
_aRU _bКН-П-21-004526 _9КН-П-21-0345 |
||
| 035 | _a(NLR Aleph) 012540915 | ||
| 035 | _a(RuMoRGB)010563264 | ||
| 090 |
_a12400284 _c12400284 |
||
| 100 | _a20210608d2020 k y0rusy50 ca | ||
| 101 | 0 | _arus | |
| 102 | _aRU | ||
| 105 | _aa|||fe||000zy | ||
| 181 | 0 |
_ai _baxxe |
|
| 182 | 0 | _an | |
| 200 | 1 |
_aКубановедение _eА - Я _eэнциклопедия _fпод редакцией профессора В. Н. Ратушняка |
|
| 203 |
_aТекст _bвизуальный _cнепосредственный |
||
| 205 | _a2-е изд., перераб. и доп. | ||
| 210 |
_aКраснодар _cТрадиция _d2020 |
||
| 215 |
_a604, [4] с., [4] л. цв. ил. _d25 |
||
| 300 | _aНа обороте тит. с. в макете и на концевой тит. с. загл.: Кубановедение от А до Я | ||
| 320 | _aБиблиогр. в предисл.: с. 3-4 | ||
| 517 | 1 | _aКубановедение от А до Я | |
| 607 |
_aКубань, историческая область _jЭнциклопедии _2nlr_sh2 _3RU\NLR\AUTH\661495880 |
||
| 686 | 1 | _aТ3(2Р-4Кр)я20 | |
| 686 | 1 | _aД890(2Р37-4Кр)я20 | |
| 702 | 1 |
_aРатушняк _bВ. Н. _f1940- _gВалерий Николаевич _3RU\NLR\AUTH\7713472 _4340 |
|
| 942 | _cBOOK | ||
| 980 | _aNBR | ||
| 980 | _aNB | ||